000
00278nam a2200121Ia 4500
005
20251222154307.0
008
251222s9999||||xx |||||||||||||| ||spa||
082
_a
868.6/U53A
100
_a
"Unamuno, Miguel de"
245
0
_a
Amor y pedagogĂa
250
_a
8a.ed.
942
_c
LIB
999
_c
33261
_d
33261